000 00642nam a22002057a 4500
005 20221213101423.0
008 221109b ||||| |||| 00| 0 eng d
040 _cAL
041 _aeng
082 _223
_a328.542
_bLOKL
100 _aLok Sabha Secretariat
_965653
245 _aLok sabha debates:
_bEighth session fourteenth lok sabha Vol 21 No 1-4
260 _aNew Delhi
_bLok Sabha Secretariat
_c2006
300 _avii,1584p.
_bHB
_c27x21cm.
365 _2Political Science
440 _aFourteenth series:
_961548
_nVol 21 No 1-4
650 _aDebates Parliament
_961549
700 _aLOK SABHA SECRETARIAT
_961550
942 _2ddc
_cGF
999 _c225629
_d225629